| 000 | 00507nam a22001697a 4500 | ||
|---|---|---|---|
| 003 | OSt | ||
| 005 | 20260427051222.0 | ||
| 008 | 260427b |||||||| |||| 00| 0 eng d | ||
| 020 | _a9789714210141 | ||
| 040 |
_aDWCL Main Lib. _cOC |
||
| 082 | _aFil. 499.211 C955d 2013 | ||
| 100 | _aCruz, Emerlinda G. | ||
| 245 |
_aDaloy ng mithi 8 : _bwika at panitikan / _cEmerlinda G. Cruz |
||
| 300 |
_avi, 241 pages : _billustrations ; _c26 cm. |
||
| 650 | _a1. Filipino--Study and teaching. | ||
| 942 |
_2ddc _cBK-FIL _n0 |
||
| 999 |
_c9919 _d9919 |
||